[Event "C.to Italiano Semifinale"]
[Site "Civitanova Marche ITA"]
[Date "2014.07.20"]
[Round "2"]
[White "Altini, Nicola"]
[Black "Prevedello, Daniele"]
[WhiteElo "2412"]
[BlackElo "1860"]
[Result "1-0"]
[PlyCount "65"]
[EventDate "2014.07.19"]

1. d4 d5 2. c4 c6 3. Nf3 Nf6 4. Nc3 dxc4 5. a4 Bf5 6. e3 e6 7. Bxc4 Bb4 8. O-O
O-O 9. Qe2 Nbd7 10. e4 Bg4 11. h3 Bh5 12. e5 Nd5 13. Ne4 Qc7 14. Ng3 Bg6 15.
Nh4 Rfd8 16. Nxg6 hxg6 17. h4 Ne7 18. Bg5 Nb6 19. a5 Nbd5 20. h5 Rd7 21. Qg4
gxh5 22. Nxh5 Ng6 23. Bd3 Nde7 24. Bxe7 Rxe7 25. Bxg6 fxg6 26. Qxg6 Bxa5 27.
Nf6+ Kf8 28. Nh7+ Kg8 29. Ng5 Ree8 30. Ra3 Bd2 31. Qh7+ Kf8 32. Rf3+ Ke7 33.
Rf7+ 1-0

[Event "C.to Italiano Semifinale"]
[Site "Civitanova Marche ITA"]
[Date "2014.07.20"]
[Round "2"]
[White "Basso, Pier Luigi"]
[Black "Rago, Riccardo"]
[WhiteElo "2302"]
[BlackElo "2044"]
[Result "1-0"]
[PlyCount "51"]
[EventDate "2014.07.19"]

1. b3 d5 2. Bb2 Nf6 3. e3 e6 4. Nf3 c5 5. Bb5+ Bd7 6. a4 Nc6 7. O-O Bd6 8. Bxc6
Bxc6 9. Ne5 Rc8 10. d3 O-O 11. f4 Nd7 12. Nxd7 Qxd7 13. Qh5 f6 14. Nd2 Qf7 15.
Qh3 Rfe8 16. Rae1 Rcd8 17. Nf3 Bf8 18. g4 g6 19. g5 Bg7 20. gxf6 Bxf6 21. Ng5
Bxg5 22. fxg5 Qc7 23. Bf6 Rd7 24. d4 b5 25. Be5 Qb7 26. Rf6 1-0

[Event "C.to Italiano Semifinale"]
[Site "Civitanova Marche ITA"]
[Date "2014.07.20"]
[Round "2"]
[White "Bellia, Fabrizio"]
[Black "Pescatore, Lorenzo"]
[WhiteElo "2396"]
[BlackElo "2246"]
[Result "1/2-1/2"]
[PlyCount "73"]
[EventDate "2014.07.19"]

1. d4 Nf6 2. Nf3 e6 3. c4 d5 4. g3 dxc4 5. Bg2 Nc6 6. Qa4 Bb4+ 7. Bd2 Nd5 8.
Bxb4 Ndxb4 9. O-O Rb8 10. Na3 O-O 11. Qb5 b6 12. Ne5 Nxe5 13. Qxe5 Bb7 14. Bxb7
Rxb7 15. Qb5 a5 16. Qxc4 Qe7 17. Rfc1 c6 18. Nc2 Nxc2 19. Rxc2 Rc8 20. Qa6 Qd7
21. Rac1 g6 22. e3 h5 23. a3 h4 24. b4 axb4 25. axb4 h3 26. Qf1 e5 27. dxe5 c5
28. bxc5 Rxc5 29. Rxc5 bxc5 30. Rxc5 Qf5 31. Rc1 Rb2 32. e4 Qf3 33. Re1 Rd2 34.
Re3 Qd1 35. Re1 Qf3 36. Re3 Qd1 37. Re1 1/2-1/2

[Event "C.to Italiano Semifinale"]
[Site "Civitanova Marche ITA"]
[Date "2014.07.20"]
[Round "2"]
[White "Contin, Daniel"]
[Black "Damia, Angelo"]
[WhiteElo "2319"]
[BlackElo "2205"]
[Result "1/2-1/2"]
[PlyCount "102"]
[EventDate "2014.07.19"]

1. e4 e5 2. Nf3 Nc6 3. Bc4 Nf6 4. d3 Bc5 5. Nc3 d6 6. Bg5 h6 7. Bxf6 Qxf6 8.
Nd5 Qd8 9. c3 Ne7 10. d4 exd4 11. cxd4 Nxd5 12. dxc5 Nf4 13. g3 Ne6 14. cxd6
Qxd6 15. Qxd6 cxd6 16. Ke2 Bd7 17. Ke3 Rc8 18. Rac1 Ke7 19. b4 Rc6 20. Bd5 Rxc1
21. Rxc1 Rc8 22. Rxc8 Bxc8 23. Bc4 Nd8 24. Nd4 Nc6 25. Nxc6+ bxc6 26. Kd4 Be6
27. f4 Bxc4 28. Kxc4 Kd7 29. a4 Kc7 30. e5 dxe5 31. fxe5 Kd7 32. Kc5 Kc7 33. g4
g6 34. a5 g5 35. b5 cxb5 36. Kxb5 Kb7 37. Kc5 Kc7 38. Kd5 Kd7 39. Kd4 Ke7 40.
Kc5 Kd7 41. Kd5 Kc7 42. Ke4 Kd7 43. Kf5 Ke7 44. h3 a6 45. Ke4 Ke8 46. Ke3 Ke7
47. Kd3 Kd7 48. Kc3 Kc7 49. Kb4 Kb8 50. Kc5 Kc7 51. Kd4 Kd8 1/2-1/2

[Event "C.to Italiano Semifinale"]
[Site "Civitanova Marche ITA"]
[Date "2014.07.20"]
[Round "2"]
[White "Cusato, Davide"]
[Black "Bove, Alessandro"]
[WhiteElo "1755"]
[BlackElo "2323"]
[Result "0-1"]
[PlyCount "76"]
[EventDate "2014.07.19"]

1. d4 Nf6 2. c4 c5 3. d5 a6 4. a4 e6 5. Nc3 exd5 6. cxd5 d6 7. e4 g6 8. Bd3 Bg7
9. Nge2 O-O 10. O-O Qc7 11. h3 Nbd7 12. Bf4 Re8 13. Ng3 c4 14. Bc2 Rb8 15. Be3
Nc5 16. a5 h5 17. f3 Bd7 18. Nge2 b5 19. axb6 Rxb6 20. Ra2 Reb8 21. Qc1 Rb4 22.
Nd4 a5 23. Qa1 Be8 24. Rb1 Nb3 25. Bxb3 cxb3 26. Rxa5 Nxe4 27. Nc6 Bxc6 28.
Nxe4 Be8 29. Rc1 Qe7 30. Ra7 Qe5 31. Rc3 Qxd5 32. Ra5 R4b5 33. Rxb5 Qxb5 34.
Nxd6 Qe2 35. Qa7 Bxc3 36. Qxb8 Qxe3+ 37. Kh1 Qe1+ 38. Kh2 Be5+ 0-1

[Event "C.to Italiano Semifinale"]
[Site "Civitanova Marche ITA"]
[Date "2014.07.20"]
[Round "2"]
[White "De Filomeno, Simone"]
[Black "Bentivegna, Francesco"]
[WhiteElo "2440"]
[BlackElo "2302"]
[Result "1/2-1/2"]
[PlyCount "33"]
[EventDate "2014.07.19"]

1. d4 d5 2. c4 e6 3. Nc3 Bb4 4. Nf3 Nf6 5. Qa4+ Nc6 6. e3 O-O 7. Bd2 dxc4 8.
Bxc4 a6 9. O-O Bd6 10. Rfd1 e5 11. d5 Ne7 12. e4 Ng6 13. Be2 h6 14. Rac1 Nh5
15. g3 Nf6 16. Ne1 Nh7 17. Be3 1/2-1/2

[Event "C.to Italiano Semifinale"]
[Site "Civitanova Marche ITA"]
[Date "2014.07.20"]
[Round "2"]
[White "Garofalo, Simone"]
[Black "Gilevych, Artem"]
[WhiteElo "2064"]
[BlackElo "2362"]
[Result "0-1"]
[PlyCount "60"]
[EventDate "2014.07.19"]

1. e4 e6 2. d4 d5 3. Nd2 c5 4. exd5 exd5 5. Ngf3 Nc6 6. Bb5 Bd6 7. dxc5 Bxc5 8.
Nb3 Bd6 9. O-O Nge7 10. c3 O-O 11. Nbd4 Bg4 12. Qa4 Bd7 13. Qc2 Rc8 14. Bd3 h6
15. Qe2 Bg4 16. Be3 Bb8 17. h3 Bh5 18. Qd2 Qd6 19. g3 Qf6 20. Kg2 Na5 21. b3
Nac6 22. Rac1 Ng6 23. Be2 Rfe8 24. Nxc6 bxc6 25. Nd4 Nh4+ 26. gxh4 Qg6+ 27. Kh1
Qe4+ 28. f3 Qxh4 29. Rf2 Rxe3 30. Qxe3 Bf4 0-1

[Event "C.to Italiano Semifinale"]
[Site "Civitanova Marche ITA"]
[Date "2014.07.20"]
[Round "2"]
[White "Lantini, Marco"]
[Black "Genocchio, Daniele"]
[WhiteElo "2119"]
[BlackElo "2404"]
[Result "0-1"]
[PlyCount "54"]
[EventDate "2014.07.19"]

1. d4 Nf6 2. c4 d6 3. Nf3 g6 4. h3 Bg7 5. Nc3 O-O 6. e4 e5 7. d5 Na6 8. Bg5 Nc5
9. b4 Ncd7 10. Be2 h6 11. Be3 Nh5 12. Rc1 Nf4 13. Bf1 f5 14. g3 a5 15. gxf4
axb4 16. Ne2 fxe4 17. Nd2 Qh4 18. Qc2 exf4 19. Qxe4 Ne5 20. Nxf4 Rxa2 21. Be2
Bf5 22. Qg2 Ra3 23. Kd1 b3 24. Ne4 g5 25. Rg1 b2 26. Rb1 Bh7 27. Bg4 Nxg4 0-1

[Event "C.to Italiano Semifinale"]
[Site "Civitanova Marche ITA"]
[Date "2014.07.20"]
[Round "2"]
[White "Luciani, Valerio"]
[Black "Valsecchi, Alessio"]
[WhiteElo "2206"]
[BlackElo "2421"]
[Result "0-1"]
[PlyCount "82"]
[EventDate "2014.07.19"]

1. d4 Nf6 2. c4 c5 3. d5 b5 4. cxb5 a6 5. b6 Qxb6 6. Nf3 g6 7. Nc3 Bg7 8. e4
O-O 9. Nd2 d6 10. a4 Qd8 11. Nc4 Ra7 12. Be2 Rb7 13. O-O Ne8 14. Ra3 Nd7 15.
Rb3 Qc7 16. f4 Rb4 17. a5 Nef6 18. h3 Bb7 19. Ra3 Rb8 20. Qd3 Bc8 21. Kh1 Ne8
22. Rd1 Qd8 23. Na4 Nc7 24. Bd2 R4b7 25. Bf1 Nb5 26. Rb3 Nf6 27. Nab6 Nd4 28.
Ra3 Bd7 29. e5 Bf5 30. Qg3 Ne4 31. Qh4 e6 32. Qxd8+ Rxd8 33. Be3 exd5 34. Bxd4
cxd4 35. Rxd4 dxc4 36. g4 c3 37. Bxa6 cxb2 38. Rb4 Ra7 39. gxf5 Rxa6 40. Rxb2
dxe5 41. Re2 gxf5 0-1

[Event "C.to Italiano Semifinale"]
[Site "Civitanova Marche ITA"]
[Date "2014.07.20"]
[Round "2"]
[White "Moroni, Luca Jr"]
[Black "Calavalle, Giulio"]
[WhiteElo "2347"]
[BlackElo "2209"]
[Result "1-0"]
[PlyCount "95"]
[EventDate "2014.07.19"]

1. Nf3 Nf6 2. c4 e6 3. g3 b6 4. Bg2 Bb7 5. O-O c5 6. Nc3 Be7 7. Re1 d6 8. e4 e5
9. Nh4 Nc6 10. Nf5 g6 11. Nxe7 Qxe7 12. d3 Nd4 13. Bh3 Nd7 14. Be3 Bc6 15. Nd5
Bxd5 16. cxd5 O-O 17. Bh6 Rfd8 18. Kg2 f6 19. Qd2 Kh8 20. Be3 Rf8 21. Rac1 a5
22. Bxd4 exd4 23. f4 Rfe8 24. Bg4 Nf8 25. h4 h5 26. Bf3 Qh7 27. g4 Nd7 28. gxh5
gxh5 29. Rg1 f5 30. Rce1 Rg8+ 31. Kh2 Nf6 32. e5 Rxg1 33. Kxg1 Rg8+ 34. Kh2
Ng4+ 35. Bxg4 Rxg4 36. Kh3 Qe7 37. Qf2 Rg7 38. a4 Qd8 39. b3 Qe7 40. exd6 Qxd6
41. Qf3 Qg6 42. Re6 Qg4+ 43. Qxg4 hxg4+ 44. Kg3 Rd7 45. Rxb6 Rxd5 46. Rb5 Kg7
47. Rxa5 Kf7 48. b4 1-0

[Event "C.to Italiano Semifinale"]
[Site "Civitanova Marche ITA"]
[Date "2014.07.20"]
[Round "2"]
[White "Stella, Andrea"]
[Black "Vezzosi, Paolo"]
[WhiteElo "2428"]
[BlackElo "2282"]
[Result "1/2-1/2"]
[PlyCount "57"]
[EventDate "2014.07.19"]

1. c4 e5 2. g3 d6 3. Nc3 g6 4. Bg2 Bg7 5. e4 Be6 6. Nge2 Qd7 7. Nd5 c6 8. Ne3
Na6 9. d4 Bh3 10. O-O Nf6 11. f3 Bxg2 12. Kxg2 exd4 13. Qxd4 O-O 14. Rd1 Nd5
15. Qd3 Nc5 16. Qc2 Nb6 17. Rb1 a5 18. Qd2 Rfd8 19. b3 Qe7 20. Nf4 Nxe4 21.
fxe4 Qxe4+ 22. Kh3 Qxb1 23. Nd3 Qa1 24. Nf5 Qc3 25. Nh6+ Kf8 26. Qf2 Qf6 27.
Qxb6 Qe6+ 28. g4 Qe2 29. Qf2 1/2-1/2

[Event "C.to Italiano Semifinale"]
[Site "Civitanova Marche ITA"]
[Date "2014.07.20"]
[Round "2"]
[White "Xia, Jie"]
[Black "Bruno, Fabio"]
[WhiteElo "2292"]
[BlackElo "2428"]
[Result "0-1"]
[PlyCount "114"]
[EventDate "2014.07.19"]

1. d4 Nf6 2. Nf3 e6 3. c4 b6 4. Nc3 Bb4 5. Bg5 Bb7 6. Nd2 h6 7. Bh4 c5 8. Bxf6
Qxf6 9. Nb5 O-O 10. a3 Ba5 11. b4 cxb4 12. Nb3 Nc6 13. Nxa5 Nxa5 14. Nd6 Qe7
15. c5 bxc5 16. dxc5 Qf6 17. Rc1 bxa3 18. Nxb7 a2 19. e3 a1=Q 20. Rxa1 Qc3+ 21.
Ke2 Nxb7 22. Rc1 Qe5 23. Qd4 Qc7 24. g4 Rac8 25. c6 dxc6 26. g5 h5 27. g6 fxg6
28. Bh3 Rf6 29. Qxa7 Nd6 30. Qxc7 Rxc7 31. f4 c5 32. Rhd1 Nf7 33. Rc3 e5 34.
fxe5 Nxe5 35. Rd5 Nf3 36. Bd7 Nxh2 37. e4 Ra7 38. e5 Ra2+ 39. Kd3 Rf3+ 40. Kc4
Rxc3+ 41. Kxc3 Re2 42. Rxc5 Nf3 43. e6 Re3+ 44. Kc4 Nh4 45. Kd5 Nf5 46. Ba4 h4
47. Bc2 h3 48. Bxf5 gxf5 49. Kd6 g6 50. Rc8+ Kg7 51. Rc7+ Kf6 52. Rf7+ Kg5 53.
Rh7 h2 54. Ke7 Re2 55. Kf7 Kg4 56. e7 Kg3 57. Rh6 g5 0-1

[Event "C.to Italiano Semifinale"]
[Site "Civitanova Marche ITA"]
[Date "2014.07.21"]
[Round "3"]
[White "Bentivegna, Francesco"]
[Black "Stella, Andrea"]
[WhiteElo "2302"]
[BlackElo "2428"]
[Result "0-1"]
[PlyCount "72"]
[EventDate "2014.07.19"]

1. e4 e6 2. d4 d5 3. Nc3 Nf6 4. Bg5 Be7 5. e5 Nfd7 6. h4 Nc6 7. Qd2 h6 8. Bxe7
Qxe7 9. Nf3 Nb6 10. Nd1 Bd7 11. Ne3 f6 12. exf6 gxf6 13. a4 a5 14. Bd3 O-O-O
15. Bb5 e5 16. Bxc6 Bxc6 17. Qxa5 e4 18. Nd2 f5 19. g3 Rhf8 20. Ng2 f4 21.
O-O-O fxg3 22. fxg3 e3 23. Nb3 Rf2 24. Nf4 Bxa4 25. Nd3 Rg2 26. Nbc5 e2 27. Rd2
Qe3 28. Re1 Bc6 29. Kb1 Kb8 30. Nb4 Rd6 31. Rd3 Qf2 32. Nxc6+ Rxc6 33. Ra3 Rxc5
34. dxc5 Rg1 35. cxb6 Qxe1+ 36. Ka2 Qxa5 0-1

[Event "C.to Italiano Semifinale"]
[Site "Civitanova Marche ITA"]
[Date "2014.07.21"]
[Round "3"]
[White "Bruno, Fabio"]
[Black "Moroni, Luca Jr"]
[WhiteElo "2428"]
[BlackElo "2347"]
[Result "1/2-1/2"]
[PlyCount "82"]
[EventDate "2014.07.19"]

1. d4 d5 2. Nf3 Nf6 3. c4 e6 4. Nc3 c6 5. Bg5 Nbd7 6. e3 Qa5 7. cxd5 exd5 8.
Nd2 Bd6 9. Bd3 O-O 10. O-O Qc7 11. Nf3 Ng4 12. h3 Ngf6 13. Rc1 Qb8 14. Ne2 Nh5
15. Qd2 Ndf6 16. Nf4 h6 17. Bxf6 Nxf6 18. Ne2 Bd7 19. Nc3 Qe8 20. Qc2 Qe7 21.
Bf5 Rae8 22. Rfe1 Bb8 23. Bxd7 Qxd7 24. b4 Ne4 25. Nxe4 Rxe4 26. a4 a6 27. Rb1
b5 28. Rec1 Re6 29. axb5 axb5 30. Rb3 Rf6 31. Ne5 Bxe5 32. dxe5 Re6 33. Rc3 Rc8
34. Rc5 Rxe5 35. Rxb5 Re4 36. Rc5 Rxb4 37. Rxc6 Rxc6 38. Qxc6 Qxc6 39. Rxc6 d4
40. Rc8+ Kh7 41. exd4 Rxd4 1/2-1/2

[Event "C.to Italiano Semifinale"]
[Site "Civitanova Marche ITA"]
[Date "2014.07.21"]
[Round "3"]
[White "Damia, Angelo"]
[Black "Bellia, Fabrizio"]
[WhiteElo "2205"]
[BlackElo "2396"]
[Result "0-1"]
[PlyCount "68"]
[EventDate "2014.07.19"]

1. e4 c6 2. c4 d5 3. exd5 cxd5 4. cxd5 Nf6 5. Nc3 Nxd5 6. Nf3 e6 7. d4 Bb4 8.
Bd2 Nc6 9. Bb5 O-O 10. a3 Be7 11. O-O Bf6 12. Bxc6 Nxc3 13. Bxc3 bxc6 14. Bb4
Re8 15. Rc1 a5 16. Bc5 Ba6 17. Re1 Qd5 18. Ne5 Bg5 19. Rc3 f6 20. Qh5 fxe5 21.
Rxe5 Bd2 22. Rh3 h6 23. Rxd5 exd5 24. Re3 Bxe3 25. fxe3 Rxe3 26. Bd6 Re1+ 27.
Kf2 Re2+ 28. Kg1 Re1+ 29. Kf2 Re2+ 30. Kg1 Rxb2 31. Be5 Rf8 32. h3 Bf1 33. Bd6
Rxg2+ 34. Kh1 Rg5 0-1

[Event "C.to Italiano Semifinale"]
[Site "Civitanova Marche ITA"]
[Date "2014.07.21"]
[Round "3"]
[White "Formento, Paolo"]
[Black "Contin, Daniel"]
[WhiteElo "2228"]
[BlackElo "2319"]
[Result "1/2-1/2"]
[PlyCount "61"]
[EventDate "2014.07.19"]

1. e4 c5 2. Nf3 g6 3. d4 cxd4 4. Nxd4 Nc6 5. c4 Bg7 6. Nc2 d6 7. Be2 Qb6 8. Be3
Qxb2 9. O-O Qe5 10. Nd2 Nf6 11. Rb1 Nxe4 12. f4 Qe6 13. Nxe4 Qxe4 14. Bd3 Qe6
15. Rb5 Nd4 16. Bxd4 Bxd4+ 17. Nxd4 Qe3+ 18. Kh1 Qxd4 19. Qe2 O-O 20. f5 Re8
21. Qf3 Qf6 22. fxg6 hxg6 23. Qg3 Qc3 24. Rg5 Be6 25. Rxg6+ fxg6 26. Qxg6+ Qg7
27. Qxe6+ Kh8 28. Qh3+ Kg8 29. Qe6+ Kh8 30. Qh3+ Kg8 31. Qe6+ 1/2-1/2

[Event "C.to Italiano Semifinale"]
[Site "Civitanova Marche ITA"]
[Date "2014.07.21"]
[Round "3"]
[White "Genocchio, Daniele"]
[Black "Mola, Pietro"]
[WhiteElo "2404"]
[BlackElo "2225"]
[Result "1-0"]
[PlyCount "68"]
[EventDate "2014.07.19"]

1. e4 e5 2. Nf3 Nc6 3. Bb5 a6 4. Ba4 Nf6 5. O-O b5 6. Bb3 Be7 7. Re1 d6 8. c3
O-O 9. h3 Nb8 10. a4 Bb7 11. d3 Nbd7 12. Nbd2 Nc5 13. Bc2 Nxa4 14. Bxa4 bxa4
15. Qxa4 Nd7 16. d4 exd4 17. cxd4 c5 18. Nc4 Rc8 19. d5 f5 20. Na5 Ba8 21. Nc6
Bxc6 22. dxc6 Nb8 23. Qb3+ Kh8 24. exf5 d5 25. c7 Rxc7 26. Bf4 Bd6 27. Bxd6
Qxd6 28. Re6 Qd8 29. Rae1 Nc6 30. Qe3 Nb4 31. Re8 Qf6 32. Qg5 Rc8 33. Rxc8 Rxc8
34. Qh5 Rf8 1-0

[Event "C.to Italiano Semifinale"]
[Site "Civitanova Marche ITA"]
[Date "2014.07.21"]
[Round "3"]
[White "Gilevych, Artem"]
[Black "Basso, Pier Luigi"]
[WhiteElo "2362"]
[BlackElo "2302"]
[Result "1-0"]
[PlyCount "65"]
[EventDate "2014.07.19"]

1. d4 f5 2. Bg5 g6 3. e3 Bg7 4. Bc4 Nf6 5. Nd2 d6 6. Ne2 d5 7. Bb3 Be6 8. c4 c6
9. Nf4 Bf7 10. cxd5 cxd5 11. Ba4+ Kf8 12. Nd3 Ne4 13. Bf4 b5 14. Bb3 Nd7 15.
O-O g5 16. Be5 Nxe5 17. Nxe5 Nxd2 18. Qxd2 Bxe5 19. dxe5 e6 20. Rac1 Qb8 21.
Qc3 b4 22. Qd4 Kg7 23. Rc5 a5 24. Rfc1 a4 25. Bxd5 Rd8 26. e4 fxe4 27. Qe3 Rxd5
28. Qxg5+ Kf8 29. Rxd5 exd5 30. Rc6 Bg6 31. h4 Qb5 32. Qf6+ Ke8 33. Rc7 1-0

[Event "C.to Italiano Semifinale"]
[Site "Civitanova Marche ITA"]
[Date "2014.07.21"]
[Round "3"]
[White "Martorelli, Antonio"]
[Black "Montilli, Vincenzo"]
[WhiteElo "2269"]
[BlackElo "2068"]
[Result "1-0"]
[PlyCount "91"]
[EventDate "2014.07.19"]

1. e4 e6 2. d3 d5 3. Nd2 c5 4. Ngf3 Nc6 5. g3 Bd6 6. Bg2 Nge7 7. O-O O-O 8. Nh4
f6 9. f4 Qc7 10. c3 Bd7 11. f5 exf5 12. exf5 Be8 13. Nb3 c4 14. Nd4 Nxd4 15.
cxd4 c3 16. bxc3 Qxc3 17. Be3 Bb5 18. Re1 Qxd3 19. Qg4 Bd7 20. Bh6 Rf7 21. Rad1
Bxf5 22. Qh5 Bg6 23. Qg4 Qa6 24. Bc1 Qc6 25. Re6 Qd7 26. Nxg6 hxg6 27. Rde1 Bb4
28. R1e2 Rc8 29. Bb2 Rc6 30. Qh3 Rxe6 31. Rxe6 Nf5 32. Re2 Re7 33. Rxe7 Bxe7
34. Qg4 Kf7 35. Qf3 Ke6 36. Qe2+ Kd6 37. g4 Qe6 38. Ba3+ Kd7 39. Qxe6+ Kxe6 40.
gxf5+ gxf5 41. Bxe7 Kxe7 42. Bxd5 b5 43. h4 Kd6 44. Bf3 a5 45. Kf2 b4 46. Ke3
1-0

[Event "C.to Italiano Semifinale"]
[Site "Civitanova Marche ITA"]
[Date "2014.07.21"]
[Round "3"]
[White "Pescatore, Lorenzo"]
[Black "Altini, Nicola"]
[WhiteElo "2246"]
[BlackElo "2412"]
[Result "0-1"]
[PlyCount "134"]
[EventDate "2014.07.19"]

1. Nf3 c5 2. c4 Nc6 3. Nc3 g6 4. g3 Bg7 5. Bg2 d6 6. O-O Bf5 7. d3 Qd7 8. Be3
Bh3 9. d4 Bxg2 10. Kxg2 cxd4 11. Nxd4 Nf6 12. f3 O-O 13. Nd5 Rfc8 14. Nxf6+
Bxf6 15. Rc1 a5 16. Qd2 Nxd4 17. Bxd4 Bxd4 18. Qxd4 Rc5 19. Rc3 Rac8 20. Rfc1
f5 21. R1c2 R8c6 22. Rb3 Rc7 23. Rbc3 Qe6 24. Re3 Qf7 25. Rec3 R7c6 26. Qd3 Kg7
27. Qd4+ Kg8 28. Qd3 Qe6 29. Qd4 Rc8 30. Re3 Qf7 31. Rec3 h6 32. Kg1 Kh7 33.
Kg2 R8c6 34. Kg1 Rb6 35. Qd3 Qe6 36. Qd4 Qf7 37. Qd3 Qf6 38. Kg2 Rbc6 39. Kg1
Kg7 40. Kg2 h5 41. e3 b6 42. Qd4 e5 43. Qd3 h4 44. e4 hxg3 45. hxg3 f4 46. Qd2
Qg5 47. g4 Rc8 48. Rc1 Rh8 49. Rh1 Rxh1 50. Kxh1 Rc8 51. Rc1 Rh8+ 52. Kg1 Rh3
53. Qxd6 Rxf3 54. Rc2 Rg3+ 55. Kf1 Rxg4 56. Qd7+ Kh6 57. Rh2+ Rh4 58. Qe8 Qf6
59. Rxh4+ Qxh4 60. Qh8+ Kg5 61. Qxe5+ Kg4 62. Qd4 Qh3+ 63. Kg1 Qe3+ 64. Qxe3
fxe3 65. Kf1 Kf4 66. Ke2 Kxe4 67. a3 a4 0-1

[Event "C.to Italiano Semifinale"]
[Site "Civitanova Marche ITA"]
[Date "2014.07.21"]
[Round "3"]
[White "Valsecchi, Alessio"]
[Black "Bove, Alessandro"]
[WhiteElo "2421"]
[BlackElo "2323"]
[Result "1/2-1/2"]
[PlyCount "65"]
[EventDate "2014.07.19"]

1. e4 e5 2. Nf3 Nc6 3. d4 exd4 4. Nxd4 Qf6 5. Be3 Bc5 6. c3 Nge7 7. Bc4 b6 8.
O-O Bb7 9. b4 Bxd4 10. cxd4 Nxb4 11. d5 O-O 12. Bd4 Qg6 13. a3 Nbxd5 14. exd5
Nxd5 15. Bxd5 Bxd5 16. f3 Rfe8 17. Nc3 Bc4 18. Re1 Rxe1+ 19. Qxe1 c5 20. Bf2 d5
21. a4 Qc6 22. Qe7 Qe8 23. Qxe8+ Rxe8 24. a5 f6 25. Rb1 d4 26. Na4 Bd3 27. Re1
Rxe1+ 28. Bxe1 Kf7 29. axb6 axb6 30. Nxb6 Ke6 31. Kf2 Kd6 32. Na4 Bb5 33. Nb6
1/2-1/2

[Event "C.to Italiano Semifinale"]
[Site "Civitanova Marche ITA"]
[Date "2014.07.21"]
[Round "3"]
[White "Vezzosi, Paolo"]
[Black "De Filomeno, Simone"]
[WhiteElo "2282"]
[BlackElo "2440"]
[Result "1/2-1/2"]
[PlyCount "64"]
[EventDate "2014.07.19"]

1. d4 d5 2. Nf3 Nf6 3. c4 e6 4. Nc3 Be7 5. Bg5 h6 6. Bh4 O-O 7. e3 b6 8. cxd5
Nxd5 9. Bxe7 Qxe7 10. Rc1 Bb7 11. Bd3 c5 12. Nxd5 exd5 13. O-O Nd7 14. Bf5 Nf6
15. Ne5 c4 16. f4 b5 17. g4 Ne4 18. Bxe4 dxe4 19. Qe1 a5 20. f5 Ra6 21. Rc2 Bd5
22. h4 Rc8 23. Qg3 Qc7 24. g5 f6 25. gxf6 Rxf6 26. Rg2 Kh8 27. Rf4 Rg8 28. Qf2
b4 29. Ng4 Rff8 30. Ne5 Rf6 31. Ng4 Rff8 32. Ne5 Rf6 1/2-1/2

[Event "C.to Italiano Semifinale"]
[Site "Civitanova Marche ITA"]
[Date "2014.07.21"]
[Round "3"]
[White "Viviani, Alessio"]
[Black "Cocchi, Andrea"]
[WhiteElo "2137"]
[BlackElo "2282"]
[Result "0-1"]
[PlyCount "76"]
[EventDate "2014.07.19"]

1. d4 Nf6 2. c4 e6 3. Nc3 Bb4 4. f3 d6 5. a3 Bxc3+ 6. bxc3 Nh5 7. Nh3 f5 8. e3
O-O 9. Be2 Nc6 10. O-O Kh8 11. Nf2 e5 12. a4 f4 13. d5 Na5 14. Ne4 b6 15. g4
fxg3 16. hxg3 Bf5 17. Kg2 Bxe4 18. fxe4 Rxf1 19. Qxf1 Qg5 20. Qf3 Nf6 21. Rb1
Rf8 22. Bd2 Nd7 23. Qg4 Qxg4 24. Bxg4 Nxc4 25. Bc1 Nc5 26. Rb4 Na5 27. Be2 Nab3
28. Ba3 Nd2 29. a5 Ndxe4 30. Bf3 Nd2 31. Be2 Nce4 32. Bd3 Rf2+ 33. Kh3 Nc5 34.
axb6 axb6 35. Bb5 Nde4 36. Rc4 Rf3 37. Bxc5 Nxc5 38. e4 Re3 0-1

[Event "C.to Italiano Semifinale"]
[Site "Civitanova Marche ITA"]
[Date "2014.07.21"]
[Round "3"]
[White "Xia, Jie"]
[Black "Caprino, Marco"]
[WhiteElo "2292"]
[BlackElo "2024"]
[Result "1-0"]
[PlyCount "77"]
[EventDate "2014.07.19"]

1. d4 g6 2. h4 h6 3. e4 Bg7 4. h5 g5 5. f4 gxf4 6. Nf3 c5 7. c3 Nf6 8. e5 Nd5
9. dxc5 Ne3 10. Bxe3 fxe3 11. Bc4 Qc7 12. Qd5 e6 13. Qd6 Qc6 14. Qd4 b6 15. Na3
bxc5 16. Qxe3 Bf8 17. Bd3 Bb7 18. Nc4 a5 19. O-O-O Qa4 20. Nb6 Qc6 21. Nxa8
Bxa8 22. Rhe1 Qa4 23. Be4 Nc6 24. Qd3 Be7 25. Qxd7+ Kf8 26. Bc2 Qxa2 27. Re4
Nb4 28. Rg4 Bc6 29. Qc8+ Be8 30. cxb4 axb4 31. Rd7 Qa1+ 32. Bb1 Qa5 33. Qc7 Qb5
34. Rxe7 Qf1+ 35. Kd2 Qxb1 36. Rxe8+ Kxe8 37. Qc8+ Ke7 38. Qxc5+ Ke8 39. Rxb4
1-0

[Event "C.to Italiano Semifinale"]
[Site "Civitanova Marche ITA"]
[Date "2014.07.22"]
[Round "4"]
[White "Altini, Nicola"]
[Black "Genocchio, Daniele"]
[WhiteElo "2412"]
[BlackElo "2404"]
[Result "1/2-1/2"]
[PlyCount "49"]
[EventDate "2014.07.19"]

1. d4 g6 2. e4 Bg7 3. Nf3 d6 4. c4 e5 5. dxe5 dxe5 6. Qxd8+ Kxd8 7. Nc3 Be6 8.
Be3 Nd7 9. Ng5 Ne7 10. h4 Nc6 11. O-O-O Nd4 12. h5 c5 13. Nxe6+ fxe6 14. hxg6
hxg6 15. Rxh8+ Bxh8 16. Be2 Ke7 17. Rh1 Bg7 18. Bd1 Rh8 19. Bg5+ Kd6 20. Rxh8
Bxh8 21. Ba4 Bf6 22. Be3 Nb6 23. Bb3 a6 24. Kd2 Na8 25. Bd1 1/2-1/2

[Event "C.to Italiano Semifinale"]
[Site "Civitanova Marche ITA"]
[Date "2014.07.22"]
[Round "4"]
[White "Basso, Pier Luigi"]
[Black "Marsili, Riccardo"]
[WhiteElo "2302"]
[BlackElo "2136"]
[Result "1/2-1/2"]
[PlyCount "79"]
[EventDate "2014.07.19"]

1. b3 Nf6 2. Bb2 c5 3. e3 Nc6 4. Nf3 g6 5. Bxf6 exf6 6. c4 Bg7 7. Nc3 O-O 8. g3
Ne7 9. Bg2 d5 10. cxd5 Nxd5 11. Nxd5 Qxd5 12. Rc1 Bf5 13. Nh4 Be4 14. Bxe4 Qxe4
15. Qf3 Qb4 16. Qe2 Rfd8 17. Nf3 a5 18. Qc4 Qa3 19. O-O b6 20. Qa4 Qxa4 21.
bxa4 Rd3 22. Rc3 Rxc3 23. dxc3 Rd8 24. Rb1 f5 25. c4 Rd6 26. Kf1 Bf6 27. Ke2
Kf8 28. Rb3 Ke7 29. Ne1 g5 30. h3 f4 31. Rd3 Re6 32. Kf3 fxg3 33. fxg3 Be5 34.
g4 Rf6+ 35. Kg2 Bc7 36. Rd5 Re6 37. Kf3 Rf6+ 38. Rf5 Rxf5+ 39. gxf5 h5 40. e4
1/2-1/2

[Event "C.to Italiano Semifinale"]
[Site "Civitanova Marche ITA"]
[Date "2014.07.22"]
[Round "4"]
[White "Bellia, Fabrizio"]
[Black "Bruno, Fabio"]
[WhiteElo "2396"]
[BlackElo "2428"]
[Result "1/2-1/2"]
[PlyCount "145"]
[EventDate "2014.07.19"]

1. d4 Nf6 2. c4 e6 3. Nf3 d5 4. e3 a6 5. Nbd2 c5 6. a3 Nc6 7. Be2 Bd6 8. dxc5
Bxc5 9. b4 Ba7 10. Bb2 O-O 11. O-O Qe7 12. Qc2 Re8 13. Bd3 h6 14. e4 dxc4 15.
Nxc4 b5 16. e5 bxc4 17. Qxc4 Nd5 18. Qxc6 Bb7 19. Qc4 Rad8 20. Rad1 Rd7 21. Qe4
Nf6 22. Qh4 Nd5 23. Qe4 Nf6 24. Qh4 Nd5 25. Qg4 Red8 26. Bc2 Rc7 27. Be4 Rdc8
28. Bd4 Bxd4 29. Nxd4 Rc3 30. Bxd5 Bxd5 31. Ne2 Rxa3 32. Rxd5 h5 33. Qxh5 exd5
34. Nd4 Re8 35. Nf3 g6 36. Qh6 Qf8 37. Qd2 Rb3 38. Qxd5 Qxb4 39. Qc6 Qb5 40.
Qe4 Rb4 41. Qc2 Qc4 42. Qd2 Reb8 43. h3 Qf4 44. Qd3 Qc4 45. Qd2 Rb2 46. Qh6 Rb1
47. Rxb1 Rxb1+ 48. Kh2 Rb4 49. Kg3 a5 50. Qg5 Rb8 51. h4 Qe4 52. h5 Qf5 53. Qd2
gxh5 54. Qxa5 Qg4+ 55. Kh2 Qf4+ 56. Kh3 Rb1 57. Qd8+ Kg7 58. Qg5+ Qxg5 59. Nxg5
Kg6 60. f4 Rh1+ 61. Kg3 Ra1 62. Kh3 Kf5 63. g3 Kg6 64. g4 hxg4+ 65. Kxg4 Rf1
66. Nf3 Rf2 67. Nh4+ Kg7 68. Nf5+ Kh7 69. Ne7 Kg7 70. Nf5+ Kf8 71. Ne3 Ke7 72.
Kf5 Rd2 73. Ng4 1/2-1/2